Geometry Dash AREDL Quiz - Statistics

General Stats
  • This quiz has been taken 122 times
    118 since last reset
  • The average score is 31 of 500
Answer Stats
AREDL Ranking Level Name % Correct
#72 Thinking Space
77%
#1 Tidal Wave
64%
#2 Acheron
61%
#8 Slaughterhouse
57%
#4 Avernus
52%
#106 Silent Club
48%
#3 Silent clubstep
46%
#215 Sonic Wave
46%
#9 Sakupen Circles
45%
#117 Bloodlust
42%
#10 KOCMOC
42%
#55 Zodiac
40%
#6 Abyss of Darkness
38%
#37 Tartarus
38%
#12 Firework
37%
#223 Yatagarasu
37%
#34 Sonic Wave Infinity
35%
#244 Erebus
32%
#435 ErebuS
32%
#7 Kyouki
32%
#23 LIMBO
31%
#42 The Golden
30%
#408 Tunnel
26%
#135 | #15 Deimos
25%
#56 Kenos
25%
#16 poocubed
25%
#5 Tunnel of Despair
25%
#24 Edge of Destiny
24%
#214 Sonic Wave Rebirth
23%
#25 Codependence
20%
#494 Sakupen Hell
20%
#11 Menace
19%
#17 Saul Goodman
19%
#19 Solar Flare
18%
#232 xo
18%
#318 Artificial Ascent
17%
#333 Black Blizzard
17%
#18 Eyes in the Water
17%
#62 Keres
17%
#21 The Hallucination
17%
#31 arcturus
15%
#483 Blade of Justice
15%
#329 Quantum Processing
15%
#27 walter white
15%
#75 Cold Sweat
14%
#233 Generic Wave
14%
#13 MINUSdry
14%
#77 Renevant
14%
#14 The Lightning Rod
14%
#33 UNKNOWN
14%
#381 Auditory Breaker
13%
#131 Congregation
13%
#76 Crimson Planet
13%
#202 Cybernetic Crescent
13%
#45 Delta
13%
#57 Hard Machine
13%
#331 Low Death
13%
#144 Nhelv
13%
#93 RUST
13%
#96 Shardscapes
13%
#28 Deadlier Clubstep
12%
#293 Digital Descent
12%
#26 Mayhem
12%
#39 Oblivion
12%
#43 Verdant Landscape
12%
#20 Belladonna
11%
#81 Calculator Core
11%
#84 Cognition
11%
#22 COMBUSTION
11%
#189 Omega
11%
#487 Phobos
11%
#160 Plasma Pulse Finale
11%
#70 Promethean
11%
#101 Ragnarok
11%
#132 Sigma
11%
#50 Trueffet
11%
#126 Fog
10%
#65 Frost Spirit
10%
#190 Gamma
10%
#154 kowareta
10%
#158 The Yandere
10%
#40 Viprin UFO
10%
#196 Wasureta
10%
#356 Astral Divinity
8%
#365 Bass Cave
8%
#310 Delta Interface
8%
#63 Fragile
8%
#161 Frozen Cave
8%
#38 Jigsaw
8%
#314 Killbot
8%
#60 NEUTRA
8%
#116 no jokes
8%
#109 Omega Interface
8%
#150 Ouroboros
8%
#89 SARY NEVER CLEAR
8%
#32 Sinister Silence
8%
#74 SUPERHATEMEWORLD
8%
#267 super probably level
8%
#226 X0
8%
#251 Altered Ascent
7%
#139 ATOMIC CANNON
7%
#95 ATOMIC CANNON Mk II
7%
#44 ATOMIC CANNON Mk III
7%
#67 Checked Steam
7%
#85 Cosmic Cyclone
7%
#53 Critical Heat
7%
#66 Dry Out Copyable 2
7%
#138 DsinK
7%
#387 Hatred
7%
#100 Horros
7%
#456 Ithacropolis
7%
#143 IthacropoliX
7%
#121 Jesse Pinkman
7%
#104 me when machine gang
7%
#36 Midnight
7%
#52 ORDINARY
7%
#111 | #383 Pandemonium
7%
#98 RUTHLESS
7%
#30 SARYYX NEVER CLEAR
7%
#99 Sides Of My Mind
7%
#417 SubSonic
7%
#250 Sunset Sandstorm
7%
#48 Terminal Rampancy
7%
#97 Akashic Records
6%
#159 Arctic Lights
6%
#499 Artifice
6%
#442 Athanatos
6%
#141 Atmos
6%
#130 Awedsy
6%
#128 BarbarosFinaleFinale
6%
#231 Cersia Difficult
6%
#68 Crackhead Circles
6%
#147 Gustavo Fring
6%
#114 Kappa
6%
#140 Knights of Thunder
6%
#276 Lucid Chaos
6%
#91 Lucid Nightmares
6%
#217 Molten Gear
6%
#41 Natural Disaster
6%
#46 NETWORK
6%
#192 network
6%
#278 Paroxysm
6%
#73 qoUEO
6%
#353 Quaoar
6%
#180 Requiem
6%
#47 Shukketsu
6%
#206 Sink
6%
#294 Stalemate Redux
6%
#324 Stereo Extremeness
6%
#178 Storming Summit
6%
#115 The Art of the Blade
6%
#230 The Hell Nutz
6%
#464 The Hell Origin
6%
#432 The Hell World
6%
#54 The Paroxysm of Rage
6%
#64 Widestep
6%
#298 ZAPHKIEL
6%
#335 2 1 1
5%
#177 Aquatic Auroras
5%
#348 BBBBBBBBBBBBBBBBBBBB
5%
#170 Calamity
5%
#273 Catalyze
5%
#169 CHROMA FINALE
5%
#397 CHROMA II
5%
#255 Chromatic Haze
5%
#49 Climax
5%
#94 CORRODERE
5%
#465 DARKENED
5%
#289 Devil Vortex
5%
#83 DIRECTIONS
5%
#61 DISSONANCE
5%
#228 Edge of the Blade
5%
#279 Freedom08
5%
#148 FRIDAY
5%
#388 Furious Flames
5%
#219 GONER
5%
#200 Hyper Paracosm
5%
#242 | #90 Instinct
5%
#113 Jupiter My Favourite
5%
#225 Kuzureta
5%
#136 Pagoda
5%
#322 Quantum Dynamix
5%
#224 Rage
5%
#265 RELENTLESS
5%
#312 Step To Hell
5%
#122 Terminux
5%
#448 The Hell Zone
5%
#234 Titan Complex
5%
#103 TORN
5%
#86 Trotil
5%
#269 WOW
5%
#153 XRAY
5%
#51 Aerial Gleam
4%
#87 Amalgam
4%
#416 Anoxysm
4%
#118 Asterios
4%
#69 Axinie
4%
#424 Betrayal of Destiny
4%
#431 Breakout Redux
4%
#296 Cadrega City
4%
#472 Carnage Mode
4%
#260 Celestial Force
4%
#212 Cersia Madness
4%
#125 CITRA
4%
#78 ConClusion
4%
#275 ConFusion
4%
#198 ConTroller
4%
#110 Coral Cave
4%
#35 Damascus
4%
#254 Dark Flare
4%
#306 Death
4%
#315 Demonicat
4%
#107 Descent Into Exile
4%
#256 Dimensional Breaking
4%
#484 Dimension Breaker
4%
#274 Dreams
4%
#155 Dump
4%
#58 Esfera
4%
#368 Ethereal Artifice
4%
#317 Fabrication
4%
#299 Factory Realm X
4%
#481 Falcon16
4%
#149 Farthest Outpost
4%
#165 Fragmented
4%
#208 Golden Club
4%
#129 Gracefully
4%
#291 inanimate INSANITY
4%
#105 Launchpad Labyrinth
4%
#209 Loochiverse
4%
#71 Lotus Flower
4%
#184 Mirrored Calamity
4%
#241 Molten Core
4%
#427 My Worst Demon Level
4%
#124 Neon Skyline
4%
#343 Night Rider
4%
#249 Nightshade
4%
#280 Photovoltaic II
4%
#373 Prisma
4%
#29 PSYCHOPATH
4%
#172 RAM
4%
#168 REPENTLESS
4%
#302 RGB
4%
#79 Scream Machine
4%
#82 shimmer
4%
#425 Shock Therapy
4%
#490 Silentium Gradas
4%
#193 Spacial Rend
4%
#173 Spectrum Cyclone
4%
#277 Stygian Machinery
4%
#309 Tempered Steel
4%
#479 Tenth Circle
4%
#475 The First
4%
#410 The Hell Field
4%
#470 The Hell Inferno
4%
#112 The Rupture
4%
#123 Twilight
4%
#480 Untitled
4%
#134 untitled unmastered
4%
#311 vaenstep
4%
#156 Visible Ray
4%
#430 Adrenaline
2%
#336 Aesthetic
2%
#181 AKIRA
2%
#268 Apollo 11
2%
#133 Aronia
2%
#363 Balengu Vortex
2%
#401 Bang Gang
2%
#328 Based Gang
2%
#360 Bausha Vortex
2%
#370 Berserk
2%
#292 Bitcrusher
2%
#316 Black Flag
2%
#393 Cadrega Mode
2%
#374 Collapse
2%
#194 Collect All Pets
2%
#151 CONNECT
2%
#441 Coolie Mazie Paloozi
2%
#222 Cosmic Ray
2%
#297 Crystal
2%
#245 Delebit Oblivio
2%
#59 Destruction 19
2%
#402 DMG CTRL
2%
#258 DubKore X
2%
#166 Dust Bowl
2%
#163 EGO KILLING
2%
#210 ELLIPSISM
2%
#447 Endless Dream
2%
#471 EnvY
2%
#102 Escape Room
2%
#186 Eternal Moment
2%
#290 FIREPOWER
2%
#271 Framework
2%
#264 Friday Vortex
2%
#325 Future Chaos
2%
#88 Guideless Goobering
2%
#395 Hyper Paradox
2%
#237 Icotact
2%
#216 Infinite Iniquity
2%
#201 Iris of a Puppeteer
2%
#347 lodin da fish washer
2%
#327 Luxtra
2%
#203 Macabre
2%
#340 Mind Control
2%
#344 MISFIRE
2%
#339 Missing Benefits
2%
#137 Moving Forward
2%
#423 Mujigae
2%
#461 Mystic
2%
#221 Necromancer
2%
#182 of Ambrosia
2%
#307 Omicron
2%
#439 Ouroboros Startpos 2
2%
#152 Ourwa
2%
#337 Polygonal Paradox
2%
#239 Quantum Theory
2%
#282 Raisins
2%
#187 RANDOM ACCESS MEMORY
2%
#357 Rate Demon
2%
#253 reeses potentially
2%
#474 Removed Submission
2%
#199 Ryft
2%
#108 SAND SAILOR
2%
#127 Sazerix
2%
#220 Sephiroth
2%
#492 Shibui
2%
#218 Shmarley Ville
2%
#443 Shock Breaker
2%
#179 Shutdown
2%
#229 Silentium Clavas
2%
#80 Sky Shredder
2%
#341 SnowFall Fiesta
2%
#440 SPEEDRUN
2%
#288 Tenochtitlan
2%
#295 TheCinnyBun
2%
#213 The Hell Tribute
2%
#266 Timor
2%
#359 Void Wave
2%
#399 Voltage
2%
#92 Ykds1479ymdppr
2%
#321 Yuh
2%
#382 Ziroikabi
2%
#400 Ziroikapi
2%
#444 Abandoned Planet
1%
#304 ABEL
1%
#469 Advanced AirStream
1%
#263 ameliorate
1%
#495 Ancestral Calamity
1%
#412 Audio Expulsion
1%
#308 Auroral Darkness
1%
#349 Belloq
1%
#188 Beyond Hell
1%
#240 BRKMGB8GJCZ
1%
#398 BuTiTi III
1%
#238 BuZzKiLl
1%
#146 Cicatrize
1%
#164 CRIDIUM
1%
#191 Dance of the Violins
1%
#257 Ddiamond
1%
#197 Dedohexdragon
1%
#366 distraught
1%
#301 Dole Damos
1%
#409 Dolos
1%
#342 Dualies
1%
#438 Dusker Processing
1%
#205 Edge of the World
1%
#320 Effect II
1%
#452 Eleos
1%
#119 Excruciation Chamber
1%
#175 Fever Dream
1%
#338 Floating Outskirts
1%
#485 Freedom19
1%
#433 Free For All 2
1%
#227 FusionDynamix
1%
#437 Galactic Shift
1%
#330 Gentlemens Clique
1%
#411 Glitched Memories
1%
#350 Glowy
1%
#171 Hardry
1%
#426 i hate you
1%
#286 IMAPHONE
1%
#449 Infernal Abyss
1%
#391 Io
1%
#272 Jamboree
1%
#283 Lateral Myst
1%
#491 Le Midd Mapperoonies
1%
#211 LUMINA
1%
#446 memories
1%
#392 miss you
1%
#413 MONSTROSITY
1%
#362 Never Beat It
1%
#174 nevermore
1%
#396 New Record
1%
#235 Nunri
1%
#142 Ploink
1%
#145 Pootis Engage XTREME
1%
#358 Power Grid
1%
#476 PROTOFLICKER
1%
#120 PROTON LAUNCHER
1%
#453 RASH
1%
#247 Retention Rush
1%
#389 rosedynamix
1%
#436 ruber cash 22
1%
#384 SECTOR 19
1%
#489 Showdown
1%
#429 SINGULARITY
1%
#313 Solarion
1%
#185 Sparkling
1%
#361 Spectrum Rave
1%
#300 Springtime
1%
#369 Static Ignition
1%
#405 Surge of the Shield
1%
#261 Tapwreck
1%
#458 TeaM Z
1%
#259 The Mainframe
1%
#281 The Moon Below
1%
#248 The Reaper
1%
#375 The Sulphur Sea
1%
#252 Thunderzone
1%
#482 VendetTa
1%
#462 aether
0%
#236 ASHES
0%
#478 Asmodeus
0%
#243 Basil
0%
#204 Bete Noire
0%
#422 Boogie
0%
#486 Caution
0%
#346 Chainsaw
0%
#473 Cheyenne
0%
#415 Crippled Depression
0%
#451 Curie
0%
#355 DESOLATE
0%
#407 devoid
0%
#459 Disaster Dive
0%
#334 Edelweiss
0%
#364 EnCrypted
0%
#380 eternal entropy
0%
#493 EXPLICIT
0%
#450 Fabricated Thoughts
0%
#434 Faded Dream
0%
#284 FIFTY THREE
0%
#354 Flyway
0%
#394 Gateway
0%
#195 GBS
0%
#466 hot rod
0%
#262 Hyperchaos
0%
#420 ikaros
0%
#379 Illusion
0%
#376 Infinite Highway
0%
#345 Insane Techniques
0%
#421 Kinetic Bypass
0%
#176 Kjdf8314jlfssf
0%
#319 La Cueva
0%
#385 lovel
0%
#460 MadMansion
0%
#496 Malevolent Maelstrom
0%
#457 Masochism
0%
#445 Microsoft DriveThru
0%
#419 NetzWerk
0%
#377 Neurostatis
0%
#351 Nightmare Chasm
0%
#332 Occult Outcry
0%
#467 OneAttempt
0%
#246 OVERKILL
0%
#285 Pingas21
0%
#372 poocu4ever
0%
#326 Project Nexus
0%
#303 RAINBOW GIRL
0%
#371 Reactor Core
0%
#207 Sewers
0%
#367 Sinister Incisiom
0%
#406 Spectrum Split
0%
#287 Spirit House
0%
#378 STICKS FOR BONES
0%
#498 super kontik
0%
#468 Supreme Demon Mix
0%
#403 Surge of Memories
0%
#167 SZYSLAK
0%
#157 Th3Dev0n
0%
#418 The Cellar Path
0%
#323 the DEADLANDS
0%
#477 The Old Trail
0%
#183 the wiener
0%
#352 Through time
0%
#463 Turbulent Valley
0%
#386 TURN THE LIGHTS OFF
0%
#488 Twilight Coexistence
0%
#390 ULTRA VIOLET
0%
#414 Unfair Evening
0%
#500 unsaved changes
0%
#305 very rusty pipeline
0%
#428 Vivacious
0%
#497 Wild Rose
0%
#404 Worse Trip
0%
#162 WORSTBRAINMAP
0%
#270 Xronier
0%
#454 xuser morelike luser
0%
#455 Zinhwa
0%
No matching quizzes found
Score Distribution
Percent of People with Each Score
Percentile by Number Answered
Your Score History
You have not taken this quiz since the last reset